000 00742nam a2200241Ia 4500
003 OSt
005 20220923230943.0
006 a|||||r|||| 00| 0
007 ta
008 220922b |||||||| |||| 00| 0 pan d
024 _a324,229
037 _cTextual
040 _aARTS
_cARTS
_bpan
041 _2pan
_apan
082 _aO153,3:g, M0
100 _aਸੋਬਤੀ, ਹਰਚਰਨ ਸਿੰਘ, ਂਚ.
245 0 _aਪ੍ਰਸਿੱਧ ਪੰਜਾਬੀ ਨਾਵਲ
260 _c1980
650 _a ਪੰਜਾਬੀ ਕਹਾਣੀ
650 _aਪੰਜਾਬੀ ਸਾਹਿਤ
942 _hO153,3:g, M0
_cTEXL
_2CC
999 _c388445
_d388445